| 000 | 00543nam a22001697a 4500 | ||
|---|---|---|---|
| 999 |
_c21012 _d21012 |
||
| 003 | AR-CdUCM | ||
| 008 | 190724b ||||| |||| 00| 0 spa d | ||
| 040 |
_aMUNICIPALIDAD PROVINCIAL DEL CUSCO _cBIBLIOTECA MUNICIPAL DEL CUSCO |
||
| 082 |
_aC / 028.12 / _bL59 |
||
| 245 | _aLibro de visitas al monumento Pachakuteq / | ||
| 260 |
_aCusco : _c1993. |
||
| 300 |
_a400 páginas ; _c31 cm. |
||
| 500 | _aLibro de reseñas de los visitantes al monumento de Pachakuteq | ||
| 650 |
_aLibro de visitas _943803 |
||
| 942 |
_2ddc _cLIBROS |
||
| 945 | _azta | ||